Efforts in the direction of manpower planning by Indian railways: a case study (Record no. 492716)

000 -LEADER
fixed length control field 00480cam a22001457a 4500
008 - FIXED-LENGTH DATA ELEMENTS--GENERAL INFORMATION
fixed length control field 180718b2003 xxu||||| |||| 00| 0 eng d
082 ## - DEWEY DECIMAL CLASSIFICATION NUMBER
Classification number APPPA 2002-03 SHA/28
100 ## - MAIN ENTRY--PERSONAL NAME
Personal name Sharma, S.K.
245 ## - TITLE STATEMENT
Title Efforts in the direction of manpower planning by Indian railways: a case study
Statement of responsibility, etc. by S.K. Sharma
260 ## - PUBLICATION, DISTRIBUTION, ETC.
Place of publication, distribution, etc. New Delhi
Name of publisher, distributor, etc. Indian Institute of Public Administration
Date of publication, distribution, etc. 2003
300 ## - PHYSICAL DESCRIPTION
Extent 60p.
650 ## - SUBJECT ADDED ENTRY--TOPICAL TERM
Topical term or geographic name entry element APPPA
650 ## - SUBJECT ADDED ENTRY--TOPICAL TERM
Topical term or geographic name entry element Railroads - India
650 ## - SUBJECT ADDED ENTRY--TOPICAL TERM
Topical term or geographic name entry element Manpower planning - India
Holdings
Withdrawn status Lost status Damaged status Not for loan Permanent Location Current Location Date acquired Full call number Barcode Date last seen Price effective from Koha item type
        Indian Institute of Public Administration Indian Institute of Public Administration 2018-08-04 APPPA 2002-03 SHA/28 GR16646 2018-08-04 2018-08-04 GR

Powered by Koha